Florilegio médico mexicano (Record no. 1984)

MARC details
000 -CABECERA
campo de control de longitud fija 00971nam a2200205 a 4500
001 - NÚMERO DE CONTROL
campo de control BRCA_2232
005 - FECHA Y HORA DE LA ÚLTIMA TRANSACCIÓN
campo de control 20190320203726.0
008 - DATOS DE LONGITUD FIJA--INFORMACIÓN GENERAL
campo de control de longitud fija 940607s1994 mx-a---###---#000-0#spa-#
020 ## - NÚMERO INTERNACIONAL ESTÁNDAR DEL LIBRO
Número Internacional Estándar del Libro 9709123513
040 ## - FUENTE DE LA CATALOGACIÓN
Centro catalogador/agencia de origen DLC
Centro/agencia transcriptor DLC
050 #4 - SIGNATURA TOPOGRÁFICA DE LA BIBLIOTECA DEL CONGRESO
Número de clasificación R465
Número de documento/Ítem .F64 1994
245 10 - MENCIÓN DE TÍTULO
Título Florilegio médico mexicano
Resto del título crónicas, documentos, y relatos de la época colonial con motivo de la celebración del L´aniversario de Syntex, 1944-1994
Mención de responsabilidad, etc. ilustrados Gilberto Guerrero ... [et al.] ; y por los maestros invitados, Eugenio Sisto Velasco, José Luis Cuevas, José Luis Farías ; bajo la coordinación de Francisco Baños Urquijo.
260 ## - PUBLICACIÓN, DISTRIBUCIÓN, ETC.
Lugar de publicación, distribución, etc. [México]
Nombre del editor, distribuidor, etc. Empresario
Fecha de publicación, distribución, etc. 1994
300 ## - DESCRIPCIÓN FÍSICA
Extensión 96 p.
Otras características físicas il. (algunas a color)
Dimensiones 32 cm.
500 ## - NOTA GENERAL
Nota general Catálogo de la exposición realizada en Museo Franz Mayer (ciudad de México), 29 enero, 1994
650 14 - PUNTO DE ACCESO ADICIONAL DE MATERIA--TÉRMINO DE MATERIA
Término de materia o nombre geográfico como elemento de entrada Medicina
Subdivisión general Historia.
Subdivisión geográfica México
9 (RLIN) 5513
700 1# - PUNTO DE ACCESO ADICIONAL--NOMBRE DE PERSONA
Nombre de persona Guerrero, Gilberto
9 (RLIN) 6716
700 1# - PUNTO DE ACCESO ADICIONAL--NOMBRE DE PERSONA
Nombre de persona Baños Urquijo, Francisco
9 (RLIN) 3881
942 ## - ELEMENTOS DE PUNTO DE ACCESO ADICIONAL (KOHA)
Fuente del sistema de clasificación o colocación Library of Congress Classification
Tipo de ítem Koha Libros
Holdings
Estado de retiro Estado de pérdida Estado dañado No para préstamo Localización permanente Ubicación/localización actual Fecha de adquisición Total de préstamos Signatura topográfica completa Código de barras Fecha visto por última vez Precio válido a partir de Tipo de ítem Koha
El ejemplar forma parte de la colección y puede ser consultado según las políticas vigentes.       Biblioteca del Museo Franz Mayer (Rogerio Casas-Alatriste) Biblioteca del Museo Franz Mayer (Rogerio Casas-Alatriste) 14/08/2008   R465 .F64 1994 02281 22/03/2019 22/03/2019 Libros